000 00683nam a2200277Ia 4500
005 20260324114055.0
008 008 260324s9999 xx 000 0 eng d
020 _a9781003167952
037 _aEBOOK
040 _aCRL
040 _beng
040 _cCRL
041 _2eng
041 _aeng
084 _qCRL
100 _aEvangelia Adamou; Barbara E. Bullock; Almeida Jacqueline Toribio
_91149327
245 0 _aUnderstanding Language Contact
260 _bTaylor and Francis
260 _c2023
365 _a
365 _b220
856 _uhttp://www.taylorfrancis.com/books/9781003167952
942 _cEBOOK
999 _c1739314
_d1739314